Statistics for Stan countries by population

Click here to take the quiz!

General Stats

  • This quiz has been taken 55 times
  • The average score is 6 of 7

Answer Stats

PopulationAnswer% Correct
225,200,000Pakistan
98%
39,825,438Afghanistan
96%
33,935,763Uzbekistan
90%
18,994,862Kazakhstan
88%
9,749,627Tajikistan
79%
6,628,365Kyrgyzstan
77%
6,117,924Turkmenistan
73%

Score Distribution

Percentile by Number Answered

Percent of People with Each Score

Your Score History

You have not taken this quiz